O hriechu moje vlastné hriechy 7.

Bibliographic Details
Format: Article
Language:Slovak
ISSN:0701-0192
Subjects:

MARC

LEADER 00000nab a2200000 ar4500
001 vtls009005097
003 SK-MaSNL
005 20260303065655.0
008 070704c2007 xo mr|p|||||||000 b|slo
015 |a SNBRB2007/07  |2 snkbucl 
038 |a SNKBUCL 
040 |a SNKBUCL  |b slo  |c SNKBUCL  |e AACR2 
041 |a slo 
044 |a xo  |c SK 
080 |a 27-185.3  |2 2001 
245 0 0 |a O hriechu  |b moje vlastné hriechy  |n 7. 
650 0 7 |a hriech  |2 snkbucl  |9 1937 
650 0 7 |a duchovná obnova  |2 snkbucl  |9 31779 
773 0 |t Posol  |g Roč. 86, č. 7-8 (2007), s. 8-9  |x 0701-0192 
852 |a SNK  |b KIS3GCP 
958 |a NT 
999 |c 1752154  |d 1754084